Normal view
MARC view
Entry Personal Name
001 - CONTROL NUMBER
- control field: 9983
003 - CONTROL NUMBER IDENTIFIER
- control field: BD-RjUL
005 - DATE AND TIME OF LATEST TRANSACTION
- control field: 20231109115816.0
008 - FIXED-LENGTH DATA ELEMENTS
- fixed length control field: 231109|| aca||aabn | a|a d
040 ## - CATALOGING SOURCE
- Original cataloging agency: BD-RjUL
- Transcribing agency: BD-RjUL
100 ## - HEADING--PERSONAL NAME
- Personal name: Rauf, Shah Md. Abdur, Co-Supervisor
670 ## - SOURCE DATA FOUND
- Source citation: Work cat.: (BD-RjUL)82268: ISLAM, KAZI MEHETAZUL 9980, EPIDEMIOLOGICAL AND PATHOLOGICAL STUDIES OF FASCIOLIASIS IN GOATS IN SYLHET REGION OF BANGLADESH AND INVESTIGATION ON EFFECTS OF DIFFERENT LIVER TONIC ON PATHOLOGY OF FASCIOLIASIS /, 2015